000 00173 a2200085 4500
020 _a 978-9881296979
100 _aJialin Tong
245 _aInterior Landscape
260 _c2014
999 _c11208
_d11208